IESNA lighting ready reference: a compendium of materials from the IESNA lighting handbook

Saved in:
書目詳細資料
Main Authors: Harrold, R (Author), Mennie, D (Author)
格式: 圖書
語言:英语
出版: Nueva York Illuminating Engineering Society of North America 2003
版:4a. ed
主題:
標簽: 添加標簽
沒有標簽, 成為第一個標記此記錄!

MARC

LEADER 00000nam a2200000 a 4500
001 UCI1599
003 CL-VaPUC
008 070706e20030000US |||||||||||||||||eng|d
020 |a 0879951893 
082 0 4 |a 621.32  |b HAR  |2 21 
100 0 |a Harrold, R  |e author  |9 522196 
700 0 |a Mennie, D  |e author  |9 522197 
245 1 0 |a IESNA lighting ready reference: a compendium of materials from the IESNA lighting handbook 
250 |a 4a. ed 
300 |a 205 p 
942 |c BK 
945 |d 20070706 00:00:00  |a jtorresc 
260 |a Nueva York  |b Illuminating Engineering Society of North America  |c 2003 
650 0 |a Iluminación  |9 340311 
650 0 |a Electricidad  |9 260222 
650 7 |a ENERGIA LUMINOSA  |2 CL-VaPUC  |9 522198 
650 0 |a Diseño  |9 260483 
583 |a last modification  |c 20070706 00:00:00  |k Rodrigo Vera 
999 |c 326381  |d 326379 
952 |0 0  |1 0  |4 0  |6 621_320000000000000_HAR_2003  |7 0  |8 A  |9 408247  |a BIBING  |b BIBING  |d 2019-11-22  |i 4350472  |o 621.32 HAR 2003  |p 4350472  |r 2025-01-20  |w 2019-11-22  |y BK  |k EIE